[Event "Athens op 03-A"]
[Site "Athens"]
[Date "2012.03.20"]
[Round "3"]
[White "Georgiopoulos, Haralambos"]
[Black "Zervos, Lazaros"]
[Result "1/2-1/2"]
[WhiteElo "1762"]
[BlackElo "1691"]
[PlyCount "122"]
[EventDate "2012.03.06"]
[EventType "swiss"]
[EventRounds "7"]
[EventCountry "GRE"]
[SourceTitle "EXT 2014"]
[Source "ChessBase"]
[SourceDate "2013.11.20"]
[SourceVersion "1"]
[SourceVersionDate "2013.11.20"]
[SourceQuality "1"]

1. e4 c5 2. Nf3 e6 3. d4 cxd4 4. Nxd4 a6 5. c4 Nf6 6. Nc3 Bb4 7. f3 d6 8. Bd3 Nc6 9. Nxc6 bxc6 10. Qa4 Qb6 11. Bd2 0-0 12. Rc1 d5 13. a3 Bd6 14. b4 dxc4 15. Bxc4 Bb7 16. Nd1 Rfd8 17. Bg5 Bxh2 18. Qb3 Bg3+ 19. Ke2 Re8 20. Rh3 Qc7 21. Ne3 Qe5 22. Bxf6 gxf6 23. Qc3 Kg7 24. Ng4 Qxc3 25. Rxc3 Bc7 26. Rc1 Rad8 27. Rch1 Rh8 28. Nh6 Bf4 29. Nxf7 Rd2+ 30. Ke1 Kxf7 31. Rxh7+ Rxh7 32. Rxh7+ Kg6 33. Rxb7 Rxg2 34. Bxe6 Bg3+ 35. Kd1 Kg5 36. Rb6 Kf4 37. Rxc6 Kxf3 38. Bd5 Be5 39. Rc2 Rg1+ 40. Kd2 Rg2+ 41. Kd3 Rxc2 42. Kxc2 Ke3 43. Kb3 Kd4 44. Bb7 Bc7 45. Bxa6 Kxe4 46. Kc4 Bb6 47. a4 Ke5 48. a5 Be3 49. Bb7 Kd6 50. b5 Kc7 51. Be4 Bf2 52. Kd5 Be3 53. Ke6 Bd4 54. Ke7 Bc5+ 55. Kxf6 Be3 56. Ke6 Bf2 57. Ba8 Be3 58. Kd5 Bf2 59. Bc6 Be3 60. Be8 Bf2 61. Kc4 Be3 1/2-1/2